000 00488nam a2200193 u 4500
005 20220916063658.0
008 190626s2004 r 000 0 eng d
020 _a9681336631
035 _aUPN01000231578
049 _aI
050 4 _aPZ78
_bC6.58
245 0 4 _aLos contrarios.
260 _aMéxico :
_bDiana,
_c[200-?].
300 _a[8] p.
440 3 _aEl juego de las parejas
650 7 _aLibros ilustrados para niños
_2
_921365
905 _aInfantil
999 _c203673
_d203673